Tribhuvan University Central Library

दलीय द्वन्द्व; राजनीतिक चलखेलका बेलीविस्तार (Record no. 110460)

MARC details
000 -LEADER
fixed length control field 00696nam a22001697a 4500
008 - FIXED-LENGTH DATA ELEMENTS--GENERAL INFORMATION
fixed length control field 230917b |||||||| |||| 00| 0 eng d
020 ## - INTERNATIONAL STANDARD BOOK NUMBER
International Standard Book Number 9789937866316
041 ## - LANGUAGE CODE
Language code of text/sound track or separate title Nep.
082 ## - DEWEY DECIMAL CLASSIFICATION NUMBER
Classification number N324.21/T538d
100 ## - MAIN ENTRY--PERSONAL NAME
Personal name थापा, हरिबहादुर
245 ## - TITLE STATEMENT
Title दलीय द्वन्द्व; राजनीतिक चलखेलका बेलीविस्तार
260 ## - PUBLICATION, DISTRIBUTION, ETC.
Place of publication, distribution, etc. काठमाडौंः
Name of publisher, distributor, etc. साङ्ग्रीला पुस्तक,
Date of publication, distribution, etc. २०६९वि.
300 ## - PHYSICAL DESCRIPTION
Extent ३८९पृ.
504 ## - BIBLIOGRAPHY, ETC. NOTE
Bibliography, etc. note सन्दर्भसामग्रीः पृ३८१-३८५
650 ## - SUBJECT ADDED ENTRY--TOPICAL TERM
Topical term or geographic name entry element राजनीतिक दल
942 ## - ADDED ENTRY ELEMENTS (KOHA)
Source of classification or shelving scheme Dewey Decimal Classification
Koha item type General Collections
Holdings
Withdrawn status Lost status Source of classification or shelving scheme Damaged status Not for loan Home library Current library Shelving location Date acquired Total Checkouts Full call number Barcode Date due Date last seen Date last checked out Price effective from Koha item type
    Dewey Decimal Classification     Tribhuvan University Central Library Tribhuvan University Central Library New Building 09/17/2023 2 N324.21/T538d G90957 07/27/2025 07/06/2025 07/06/2025 09/17/2023 General Collections
    Dewey Decimal Classification     Tribhuvan University Central Library Tribhuvan University Central Library New Building 09/17/2023   N324.21/T538d G90958   09/17/2023   09/17/2023 General Collections
    Dewey Decimal Classification     Tribhuvan University Central Library Tribhuvan University Central Library New Building 09/17/2023 2 N324.21/T538d G90959   05/15/2025 05/13/2025 09/17/2023 General Collections